| 000 | 00502nam a2200181Ia 4500 | ||
|---|---|---|---|
| 999 |
_c8053 _d8053 |
||
| 003 | OSt | ||
| 005 | 20200127154448.0 | ||
| 008 | 190216s9999||||xx |||||||||||||| ||und|| | ||
| 020 | _a9788184841343 | ||
| 040 | _coclc | ||
| 082 |
_a332.1 _bBHA/I |
||
| 100 |
_a Bhatia, Mukesh _91620 |
||
| 245 | 0 |
_aInternet Marketing / _cMukesh Bhatia |
|
| 260 |
_bRegal Publications, _c2012. _aNew Delhi: |
||
| 300 | _a345p | ||
| 650 | _aMarketing | ||
| 942 |
_cBK _2ddc _h332.1 _iBHA/I _k332.1 _mBHA/I |
||